| 000 | 00509nam a2200181Ia 4500 | ||
|---|---|---|---|
| 005 | 20250508163444.0 | ||
| 008 | 008 250505s9999 xx 000 0 eng d | ||
| 037 | _aTextual | ||
| 040 |
_aFEDL _beng _cFEDL |
||
| 041 |
_aeng _2eng |
||
| 084 |
_a304.607, UNE _qFEDL |
||
| 245 | 0 | _aTeaching methodologies in population education: Abstract-Bibliography. Series 5 | |
| 245 | 0 | _cU N E S C O | |
| 260 | _c1984 | ||
| 300 | _a106 p. | ||
| 942 |
_cTEXL _h304.607, UNE |
||
| 999 |
_c1383363 _d1383363 |
||